[Event "III Weekend A"]
[Site "Novara ITA"]
[Date "2013.11.03"]
[Round "5"]
[White "La Rota, Fabio"]
[Black "Bisi, Samuele"]
[WhiteElo "2258"]
[BlackElo "2058"]
[Result "1/2-1/2"]
[PlyCount "90"]
[EventDate "2013.11.01"]

1. d4 Nf6 2. Nc3 c5 3. d5 d6 4. e4 g6 5. Bb5+ Nbd7 6. Nf3 a6 7. Bd3 b5 8. O-O
Bg7 9. Re1 Nb6 10. Qd2 O-O 11. Rb1 Bg4 12. Qf4 Qd7 13. h3 Bxf3 14. Qxf3 e6 15.
Bg5 Ne8 16. Qg4 Nc7 17. dxe6 fxe6 18. Nd1 Rae8 19. Ne3 d5 20. Qh4 c4 21. Be2 d4
22. Ng4 e5 23. Nf6+ Bxf6 24. Bxf6 Qf7 25. Bg5 Ne6 26. Bh6 Ng7 27. Rf1 Nd7 28.
b3 Nc5 29. Rfd1 d3 30. cxd3 cxb3 31. Rb2 bxa2 32. Ra1 Ra8 33. Rbxa2 Nb3 34. Rb1
Nd4 35. Rab2 a5 36. Bd1 a4 37. Ra1 a3 38. Rb4 Qc7 39. Rbb1 Qc3 40. Rc1 Qxd3 41.
Bxg7 Kxg7 42. Rc7+ Rf7 43. Rxf7+ Kxf7 44. Qxh7+ Kf6 45. Qh4+ Kf7 1/2-1/2

[Event "III Weekend A"]
[Site "Novara ITA"]
[Date "2013.11.03"]
[Round "5"]
[White "Ortega, Lexy"]
[Black "Stefanetti, Marco"]
[WhiteElo "2480"]
[BlackElo "2093"]
[Result "1-0"]
[PlyCount "75"]
[EventDate "2013.11.01"]

1. Nf3 Nf6 2. g3 d5 3. Bg2 c6 4. O-O Bf5 5. d3 e6 6. Nbd2 Be7 7. b3 O-O 8. Bb2
Nbd7 9. c4 h6 10. Qc2 Rc8 11. Bc3 Ne8 12. b4 c5 13. bxc5 dxc4 14. Nxc4 Nxc5 15.
Qd2 Nf6 16. Rac1 Bg6 17. Nfe5 Bh7 18. Ba1 Nfd7 19. Qa5 Nxe5 20. Bxe5 Qd7 21.
Qxa7 Ra8 22. Qb6 Rxa2 23. Bf3 Rfa8 24. Bd6 Bxd6 25. Qxd6 Qxd6 26. Nxd6 Nb3 27.
Rc7 Bg6 28. Bxb7 Rd8 29. Nc8 Rxe2 30. Ne7+ Kh7 31. Nc6 Rf8 32. Rb1 Nd2 33. Rd1
Nb3 34. Rb1 Nd2 35. Rd1 Nb3 36. Ba6 Rc2 37. Bc4 Rc1 38. Bxb3 1-0

[Event "III Weekend A"]
[Site "Novara ITA"]
[Date "2013.11.03"]
[Round "5"]
[White "Ranieri, Fabrizio"]
[Black "Bargeri, Ludovico"]
[WhiteElo "2277"]
[BlackElo "2122"]
[Result "1/2-1/2"]
[PlyCount "56"]
[EventDate "2013.11.01"]

1. e4 e6 2. d4 d5 3. Nc3 Bb4 4. e5 c5 5. a3 Bxc3+ 6. bxc3 Qa5 7. Bd2 Qa4 8. Nf3
a6 9. Be2 b6 10. dxc5 bxc5 11. O-O Ne7 12. Bg5 Nec6 13. Bxa6 Qxa6 14. Re1 h6
15. Bf4 Nd7 16. Nd2 Na5 17. Qg4 Kf8 18. Bg3 Nc4 19. Qe2 Qa4 20. Nxc4 Qxc4 21.
Qxc4 dxc4 22. Re4 Rb8 23. Rxc4 Ke7 24. f4 f6 25. exf6+ gxf6 26. Re1 Kf7 27. h3
h5 28. Kh2 f5 1/2-1/2

[Event "XI Festival A"]
[Site "Amantea ITA"]
[Date "2013.09.01"]
[Round "1"]
[White "David, Alberto"]
[Black "Auletta, Angelo"]
[WhiteElo "2591"]
[BlackElo "2150"]
[Result "1-0"]
[PlyCount "59"]
[EventDate "2013.09.01"]

1. e4 c5 2. Nf3 d6 3. Bc4 Nf6 4. d3 Nc6 5. c3 e6 6. Bb3 Be7 7. O-O O-O 8. Re1
Qc7 9. d4 e5 10. h3 h6 11. d5 Na5 12. Bc2 b5 13. Nbd2 Bd7 14. b3 c4 15. b4 Nb7
16. Nf1 a5 17. Ng3 axb4 18. cxb4 Rfe8 19. Ne2 Nh7 20. Nc3 Qd8 21. a4 bxa4 22.
Nxa4 Ng5 23. Be3 Nxf3+ 24. Qxf3 Bg5 25. Nb6 Rxa1 26. Rxa1 Bb5 27. Na4 Bxe3 28.
Qxe3 Qd7 29. Nc3 Rc8 30. Qb6 1-0

[Event "XI Festival A"]
[Site "Amantea ITA"]
[Date "2013.09.01"]
[Round "1"]
[White "Seletsky, Grigory"]
[Black "Ragonese, Lucio Rosario"]
[WhiteElo "2304"]
[BlackElo "1931"]
[Result "1-0"]
[PlyCount "27"]
[EventDate "2013.09.01"]

1. e4 c6 2. d4 d5 3. Nc3 dxe4 4. Nxe4 Nd7 5. Ng5 Ngf6 6. Bd3 e6 7. N1f3 c5 8.
Qe2 h6 9. Nxe6 fxe6 10. Bg6+ Ke7 11. O-O cxd4 12. Nxd4 Nb6 13. Nf5+ Kd7 14.
Qb5+ 1-0

[Event "XI Festival A"]
[Site "Amantea ITA"]
[Date "2013.09.02"]
[Round "2"]
[White "Bentivegna, Francesco"]
[Black "Romanishin, Oleg M."]
[WhiteElo "2292"]
[BlackElo "2499"]
[Result "1/2-1/2"]
[PlyCount "49"]
[EventDate "2013.09.01"]

1. e4 e5 2. Nf3 Nc6 3. Nc3 Bc5 4. Nxe5 Nxe5 5. d4 Bd6 6. dxe5 Bxe5 7. Bd2 Nf6
8. Bd3 d6 9. Qe2 O-O 10. O-O-O Re8 11. Rhe1 d5 12. Qf1 dxe4 13. Nxe4 Nxe4 14.
Rxe4 Bf5 15. Re3 Bxd3 16. Rxd3 Qf6 17. Kb1 Rad8 18. Rxd8 Rxd8 19. Bc1 Rxd1 20.
Qxd1 h6 21. Qe2 b6 22. h3 a5 23. f4 Bd6 24. Qe8+ Kh7 25. Qe4+ 1/2-1/2

[Event "XI Festival A"]
[Site "Amantea ITA"]
[Date "2013.09.02"]
[Round "2"]
[White "Mullon, Jean-Baptiste"]
[Black "Marmili, Giulio"]
[WhiteElo "2428"]
[BlackElo "2237"]
[Result "1-0"]
[PlyCount "43"]
[EventDate "2013.09.01"]

1. e4 c5 2. Nc3 a6 3. Nf3 e6 4. d4 cxd4 5. Nxd4 b5 6. Bd3 Bb7 7. O-O Nc6 8.
Nxc6 Bxc6 9. Re1 d6 10. a4 b4 11. Nd5 Qb8 12. Bd2 a5 13. c3 Ne7 14. cxb4 exd5
15. exd5 Bd7 16. bxa5 Qb7 17. b4 Rc8 18. a6 Qxd5 19. Be4 Qd4 20. Bb7 Rd8 21. b5
Be6 22. Ba5 1-0

[Event "XI Festival A"]
[Site "Amantea ITA"]
[Date "2013.09.02"]
[Round "2"]
[White "Rambaldi, Francesco"]
[Black "David, Alberto"]
[WhiteElo "2353"]
[BlackElo "2591"]
[Result "1/2-1/2"]
[PlyCount "40"]
[EventDate "2013.09.01"]

1. e4 e6 2. d4 d5 3. Nd2 a6 4. Ngf3 Nf6 5. Bd3 c5 6. exd5 exd5 7. dxc5 Bxc5 8.
Nb3 Be7 9. h3 O-O 10. O-O Bd6 11. Re1 Nc6 12. Nbd4 Nxd4 13. Nxd4 Bc7 14. Nf3 h6
15. Bd2 Be6 16. Bc3 Re8 17. Qd2 Rc8 18. Rad1 Bb8 19. a3 Nd7 20. Bd4 Nc5 1/2-1/2

[Event "XI Festival A"]
[Site "Amantea ITA"]
[Date "2013.09.03"]
[Round "3"]
[White "Estremera Panos, Sergio"]
[Black "Delorme, Axel"]
[WhiteElo "2369"]
[BlackElo "2473"]
[Result "0-1"]
[PlyCount "64"]
[EventDate "2013.09.01"]

1. d4 d5 2. c4 e6 3. Nc3 c5 4. cxd5 exd5 5. Nf3 Nc6 6. g3 c4 7. Bg2 Bb4 8. O-O
Nge7 9. e4 O-O 10. exd5 Nxd5 11. Nxd5 Qxd5 12. a3 Ba5 13. Ne5 Qb5 14. a4 Qa6
15. Nxc6 bxc6 16. Qc2 Be6 17. Be3 Rab8 18. Rfc1 Rb4 19. Bd2 Rb6 20. Bf1 Bxd2
21. Qxd2 Rfb8 22. Qc3 Rb4 23. b3 Rxb3 24. Bxc4 Rxc3 25. Bxa6 Rxc1+ 26. Rxc1 Rb4
27. h4 Rxd4 28. Rxc6 Rxa4 29. Be2 Ra1+ 30. Kh2 Ra2 31. Bf1 Rxf2+ 32. Kg1 Rf3
0-1

[Event "XI Festival A"]
[Site "Amantea ITA"]
[Date "2013.09.03"]
[Round "3"]
[White "Mladenov, Plamen"]
[Black "Zinchenko, Yaroslav"]
[WhiteElo "2390"]
[BlackElo "2520"]
[Result "1/2-1/2"]
[PlyCount "51"]
[EventDate "2013.09.01"]

1. c4 Nf6 2. Nf3 g6 3. d4 Bg7 4. Nc3 d5 5. h4 dxc4 6. e4 c5 7. d5 b5 8. h5 O-O
9. hxg6 fxg6 10. e5 Ng4 11. d6 e6 12. Nxb5 Qa5+ 13. Nc3 Nd7 14. Rxh7 Ndxe5 15.
Nxe5 Bxe5 16. Rh3 Nxf2 17. Qc2 Nxh3 18. Qxg6+ Bg7 19. Bh6 Rf7 20. gxh3 Qb4 21.
Bxg7 Rxg7 22. Qe8+ Kh7 23. O-O-O Rb8 24. Qh5+ Kg8 25. Qe8+ Kh7 26. Qh5+ 1/2-1/2

[Event "XI Festival A"]
[Site "Amantea ITA"]
[Date "2013.09.04"]
[Round "4"]
[White "Maiorov, Nikita"]
[Black "Sveshnikov, Vladimir"]
[WhiteElo "2538"]
[BlackElo "2406"]
[Result "1-0"]
[PlyCount "42"]
[EventDate "2013.09.01"]

1. d4 Nf6 2. c4 e6 3. Nf3 b6 4. Nc3 Bb4 5. Qb3 c5 6. Bg5 O-O 7. e3 Bb7 8. a3
Bxc3+ 9. Qxc3 d6 10. dxc5 dxc5 11. Bd3 Nbd7 12. O-O Re8 13. Bc2 h6 14. Bh4 e5
15. Rfd1 Qc7 16. Nd2 Qc6 17. f3 e4 18. f4 Re6 19. Nf1 Rae8 20. Ng3 Kh7 21. Rd2
Rd6 {...} 1-0

[Event "XI Festival A"]
[Site "Amantea ITA"]
[Date "2013.09.05"]
[Round "5"]
[White "Drasko, Milan"]
[Black "Rambaldi, Francesco"]
[WhiteElo "2464"]
[BlackElo "2353"]
[Result "1-0"]
[PlyCount "71"]
[EventDate "2013.09.01"]

1. d4 Nf6 2. c4 g6 3. Nf3 Bg7 4. g3 O-O 5. Bg2 d5 6. O-O c6 7. b3 Qb6 8. Ba3
Re8 9. e3 Qa6 10. Qc1 dxc4 11. bxc4 Nbd7 12. Bb2 Nb6 13. Nbd2 Na4 14. Ba3 Nd7
15. Rb1 e5 16. Re1 exd4 17. exd4 Rxe1+ 18. Qxe1 Nf8 19. Qe7 Nb6 20. Ng5 Be6 21.
d5 cxd5 22. cxd5 Nxd5 23. Qxb7 Qxb7 24. Rxb7 Nc3 25. Nxf7 Bxa2 26. Nd6 Rd8 27.
Rxa7 Be6 28. h4 Be5 29. N2c4 Nb5 30. Nxb5 Bxc4 31. Re7 Bxg3 32. fxg3 Bxb5 33.
Bb2 Rd7 34. Bd5+ Rxd5 35. Rg7+ Kh8 36. Rxg6+ 1-0

[Event "XI Festival A"]
[Site "Amantea ITA"]
[Date "2013.09.07"]
[Round "8"]
[White "De Filomeno, Simone"]
[Black "Estremera Panos, Sergio"]
[WhiteElo "2392"]
[BlackElo "2369"]
[Result "1-0"]
[PlyCount "61"]
[EventDate "2013.09.01"]

1. e4 e5 2. Nf3 Nc6 3. d4 exd4 4. Nxd4 Nf6 5. Nxc6 bxc6 6. e5 Qe7 7. Qe2 Nd5 8.
c4 Ba6 9. Nd2 O-O-O 10. Qe4 Nb6 11. b3 d5 12. cxd5 Bxf1 13. Kxf1 Rxd5 14. Nf3
Rd1+ 15. Ne1 Qe6 16. Bb2 Rxa1 17. Bxa1 Qd5 18. Qg4+ Kb7 19. h4 h5 20. Qe2 Be7
21. Rh3 Rd8 22. Qxh5 Qb5+ 23. Kg1 Qa5 24. Bc3 Qxa2 25. Qxf7 Bc5 26. Kh2 Rf8 27.
Qxg7 Qxf2 28. Nf3 Nd5 29. Be1 Qe2 30. b4 Bb6 31. Qxf8 1-0

[Event "XI Festival B"]
[Site "Amantea ITA"]
[Date "2013.09.02"]
[Round "2"]
[White "Violi, Vincenzo"]
[Black "Addivinola, Antonio"]
[WhiteElo "1847"]
[BlackElo "1754"]
[Result "1-0"]
[PlyCount "41"]
[EventDate "2013.09.01"]

1. e4 c5 2. Nf3 d6 3. d4 cxd4 4. Nxd4 Nf6 5. Nc3 a6 6. g3 e5 7. Nde2 Be7 8. h3
O-O 9. Bg2 Nc6 10. g4 Qc7 11. g5 Ne8 12. Nd5 Qd8 13. h4 Be6 14. Ng3 Bxd5 15.
exd5 Nd4 16. c3 Nb5 17. Qg4 Na7 18. h5 b5 19. Nf5 f6 20. g6 Kh8 21. h6 1-0

[Event "VII Weekend A"]
[Site "Recco ITA"]
[Date "2013.11.16"]
[Round "2"]
[White "Ninov, Nikolai Ivanov"]
[Black "Angelini, Marco"]
[Result "1-0"]
[WhiteElo "2466"]
[BlackElo "2263"]
[PlyCount "65"]
[EventDate "2013.11.15"]

1. e4 c5 2. Nf3 d6 3. d4 cxd4 4. Nxd4 Nf6 5. Nc3 a6 6. Be2 e6 7. f4 Be7 8. O-O
Qc7 9. Be3 Nc6 10. Qe1 O-O 11. Qg3 Kh8 12. Rad1 Bd7 13. Nf3 Ng8 14. e5 Nh6 15.
Bd3 Nb4 16. f5 Nxd3 17. Bxh6 gxh6 18. Rxd3 d5 19. Qf4 f6 20. fxe6 fxe5 21. Nxd5
Qc5+ 22. Qe3 Bb5 23. Nxe7 Qxe7 24. Qxe5+ Qg7 25. c4 Bxc4 26. Qxg7+ Kxg7 27.
Rd7+ Kf6 28. Re1 Rae8 29. Rxh7 Bxa2 30. Rxb7 Re7 31. Rb6 Bc4 32. Ne5 Bb5 33.
Nd7+ 1-0

[Event "X Open Autunno"]
[Site "Robecchetto con Induno ITA"]
[Date "2013.10.03"]
[Round "1"]
[White "Barrera, Pietro"]
[Black "Loaldi, Davide"]
[WhiteElo "1893"]
[BlackElo "1572"]
[Result "1-0"]
[PlyCount "91"]
[EventDate "2013.10.03"]

1. e4 c6 2. d4 d5 3. e5 Bf5 4. Bd3 Bxd3 5. Qxd3 e6 6. f4 Nd7 7. Nf3 Qb6 8. O-O
c5 9. c3 Ne7 10. Kh1 g6 11. a4 Bg7 12. Na3 a6 13. Nc2 O-O 14. Ne3 cxd4 15. cxd4
Rac8 16. Bd2 f5 17. b4 Bh6 18. g3 Qd8 19. a5 Rf7 20. Rfc1 Rxc1+ 21. Rxc1 Nc6
22. b5 axb5 23. Qxb5 Ndb8 24. Nd1 g5 25. fxg5 Bf8 26. Nb2 Na6 27. Rxc6 bxc6 28.
Qxa6 Qc7 29. Na4 Qb8 30. Nc5 Qb5 31. Qxb5 cxb5 32. Bb4 Rc7 33. Ne1 Kf7 34. Ned3
Rc6 35. Kg2 h6 36. gxh6 Bxh6 37. Kf3 Bg5 38. a6 Rc8 39. Ba5 Bd8 40. Bxd8 Rxd8
41. Nb4 Rh8 42. h4 Rg8 43. Nc6 Rc8 44. a7 Ra8 45. Ke3 b4 46. Kd3 1-0

[Event "X Open Autunno"]
[Site "Robecchetto con Induno ITA"]
[Date "2013.10.03"]
[Round "1"]
[White "Cecchini, Massimo S."]
[Black "Bencivenga, Antonio"]
[WhiteElo "1780"]
[BlackElo "1476"]
[Result "1-0"]
[PlyCount "77"]
[EventDate "2013.10.03"]

1. d4 d5 2. Nf3 Nf6 3. c4 e6 4. Nc3 Bb4 5. Bg5 O-O 6. e3 Be7 7. Be2 c5 8. O-O
Nbd7 9. cxd5 Nxd5 10. Bxe7 Nxe7 11. Qc2 cxd4 12. Nxd4 Nf6 13. Rac1 a6 14. Bf3
Rb8 15. Rfd1 Qa5 16. Nb3 Qg5 17. Ne2 b6 18. Qc7 Bd7 19. Qd6 Nf5 20. Qe5 Ba4 21.
e4 Nd7 22. Rxd7 Bxd7 23. exf5 Rfd8 24. Re1 Bb5 25. Ned4 Rbc8 26. Qe4 Bc4 27.
fxe6 Bxe6 28. Nxe6 fxe6 29. Qxe6+ Kh8 30. Qxb6 Rc2 31. Nd4 Rc1 32. Qb4 h6 33.
Nb3 Rc2 34. h4 Qf6 35. Qa4 Rxb2 36. h5 Qb6 37. Re8+ Kh7 38. Qe4+ g6 39. Qe7#
1-0

[Event "X Open Autunno"]
[Site "Robecchetto con Induno ITA"]
[Date "2013.10.03"]
[Round "1"]
[White "Colombo, Angelo D."]
[Black "Colombo, Maurizio"]
[WhiteElo "1485"]
[BlackElo "1786"]
[Result "1/2-1/2"]
[PlyCount "126"]
[EventDate "2013.10.03"]

1. e4 c5 2. Bc4 Nc6 3. Nc3 e6 4. a3 Nf6 5. d3 Be7 6. Bg5 d6 7. Nge2 a6 8. a4
Bd7 9. Ng3 h6 10. Be3 O-O 11. O-O Be8 12. f4 d5 13. e5 Nd7 14. Nxd5 exd5 15.
Bxd5 Ndxe5 16. Ba2 Nd7 17. c3 Nf6 18. h3 Bd7 19. f5 Qc7 20. Ne2 Bd6 21. Qd2 Kh7
22. Rad1 Rad8 23. Bb3 b6 24. Bc2 Ne7 25. d4 Ned5 26. Bf2 Kg8 27. dxc5 Bxc5 28.
Nd4 Qf4 29. Qd3 Qc7 30. Ra1 Qb7 31. Bh4 Nf4 32. Rxf4 Bc6 33. Bxf6 gxf6 34. b4
Bd6 35. Rg4+ Kh7 36. Qd2 Rg8 37. Bd1 Rxg4 38. Bxg4 Qd7 39. b5 axb5 40. a5 bxa5
41. Rxa5 Bc5 42. Kf1 Qc8 43. Qa2 Bd5 44. Qb2 Bc4+ 45. Be2 Bxd4 46. cxd4 Qxf5+
47. Kg1 Bxe2 48. Qxe2 Rd5 49. Ra7 Kg6 50. Qe8 Qe6 51. Qg8+ Kh5 52. Qxf7+ Qxf7
53. Rxf7 Rxd4 54. Rxf6 Rb4 55. Rb6 Rb2 56. Kh2 Kg5 57. h4+ Kxh4 58. Rxh6+ Kg5
59. Rh3 b4 60. Rd3 b3 61. Kg3 Rb1 62. Rd5+ Kf6 63. Rb5 b2 1/2-1/2

[Event "X Open Autunno"]
[Site "Robecchetto con Induno ITA"]
[Date "2013.10.03"]
[Round "1"]
[White "De Dominicis, Arrigo"]
[Black "Ragoso, Mario"]
[WhiteElo "1299"]
[BlackElo "1644"]
[Result "0-1"]
[PlyCount "54"]
[EventDate "2013.10.03"]

1. d4 Nf6 2. Nc3 g6 3. e4 d6 4. Bd3 Bg7 5. Be3 O-O 6. Qd2 c5 7. d5 a6 8. h3 b5
9. Bh6 Nbd7 10. Bxg7 Kxg7 11. a3 Nb6 12. b3 e6 13. Nf3 exd5 14. exd5 Re8+ 15.
Be2 Qe7 16. O-O-O b4 17. axb4 cxb4 18. Na4 Nxa4 19. bxa4 Qxe2 20. Qxb4 Qxf2 21.
Nh4 Re4 22. Qxd6 Qxh4 23. g3 Qg5+ 24. Rd2 Qe5 25. Qxe5 Rxe5 26. Rf1 Rb8 27.
Rdf2 Rf5 0-1

[Event "X Open Autunno"]
[Site "Robecchetto con Induno ITA"]
[Date "2013.10.03"]
[Round "1"]
[White "Giusti, Francesco"]
[Black "Minore, Antonino"]
[WhiteElo "1589"]
[BlackElo "1262"]
[Result "1-0"]
[PlyCount "145"]
[EventDate "2013.10.03"]

1. e4 e5 2. Nf3 Nc6 3. d4 f6 4. Bc4 Nge7 5. dxe5 Nxe5 6. Nxe5 fxe5 7. Qf3 d5 8.
exd5 Qd6 9. Nc3 Bd7 10. a3 a6 11. Ne4 Qg6 12. h3 h6 13. c3 b5 14. Ba2 Nf5 15.
g3 Be7 16. d6 Bd8 17. Nc5 Ra7 18. Nxd7 Kxd7 19. dxc7 Bxc7 20. Bb1 e4 21. Bxe4
Re8 22. O-O Nh4 23. Qd3+ Qd6 24. Bf5+ Nxf5 25. Qxf5+ Kc6 26. Bf4 Qd8 27. Rad1
Qb8 28. Qd7+ Kb6 29. Bxc7+ Rxc7 30. Qd4+ Kb7 31. Rfe1 Rxe1+ 32. Rxe1 Qc8 33.
Kg2 Ka8 34. f3 Kb8 35. Qd6 Ka8 36. Re6 Ka7 37. Qb6+ Ka8 38. Qxa6+ Qxa6 39.
Rxa6+ Kb8 40. Rd6 Kb7 41. f4 Re7 42. Rd2 Kb6 43. Kf3 Rf7 44. g4 Ka5 45. f5 g6
46. Kf4 Ka4 47. h4 h5 48. Rd4+ Ka5 49. Kg5 hxg4 50. Kxg6 Rf8 51. Rxg4 Rg8+ 52.
Kh5 Rh8+ 53. Kg5 Rg8+ 54. Kf4 Rc8 55. f6 Ka4 56. Ke3+ Kb3 57. Rb4+ Kc2 58. Rxb5
Re8+ 59. Kf4 Rh8 60. h5 Kb1 61. Kg5 Rg8+ 62. Kh6 Rd8 63. f7 Rd6+ 64. Kg7 Rd7
65. h6 Ka2 66. Kg8 Rd3 67. f8=Q Rg3+ 68. Kh7 Rd3 69. Qf7+ Ka1 70. Re5 Rd2 71.
Qb3 Kb1 72. Re1+ Rd1 73. Rxd1# 1-0

[Event "X Open Autunno"]
[Site "Robecchetto con Induno ITA"]
[Date "2013.10.03"]
[Round "1"]
[White "Libutti, Michele"]
[Black "Koureas, Panicos"]
[WhiteElo "1734"]
[BlackElo "1418"]
[Result "1-0"]
[PlyCount "83"]
[EventDate "2013.10.03"]

1. d4 Nf6 2. c4 e6 3. Nc3 Bb4 4. e3 c5 5. Nf3 d5 6. a3 Bxc3+ 7. bxc3 Qa5 8. Bd2
O-O 9. Bd3 Nc6 10. O-O dxc4 11. Bxc4 Rb8 12. Bd3 Rd8 13. Qe2 cxd4 14. exd4 Re8
15. Ne5 Ne7 16. Rfe1 Ng6 17. Qf3 Qd8 18. Rab1 Qe7 19. Nc6 bxc6 20. Rxb8 Qd6 21.
Rb4 Nd5 22. Ra4 e5 23. Rxa7 Be6 24. dxe5 Nxe5 25. Qg3 Nf6 26. Rxe5 Qb8 27. Qe3
Ng4 28. Qd4 Nxe5 29. Bf4 f6 30. h3 Rd8 31. Qe3 Rxd3 32. Qxd3 Bd5 33. Ra4 Qe8
34. Bxe5 fxe5 35. Qa6 c5 36. Qa5 Bc6 37. Rc4 h6 38. Qxc5 Qg6 39. Qxc6 Qd3 40.
Qc8+ Kh7 41. a4 e4 42. Qf5+ 1-0

[Event "X Open Autunno"]
[Site "Robecchetto con Induno ITA"]
[Date "2013.10.03"]
[Round "1"]
[White "Macchiettini, Pierangelo"]
[Black "Rossi, Enrico"]
[WhiteElo "1703"]
[BlackElo "1319"]
[Result "1-0"]
[PlyCount "75"]
[EventDate "2013.10.03"]

1. d4 d5 2. Nf3 e6 3. c4 Bb4+ 4. Bd2 Qe7 5. Nc3 dxc4 6. e3 Bxc3 7. Bxc3 b5 8.
a3 Bb7 9. Be2 Nf6 10. O-O O-O 11. Bb4 Qd7 12. Bxf8 Kxf8 13. Qd2 Nc6 14. a4 Ba6
15. axb5 Bxb5 16. Qc2 Nb4 17. Qc3 Nd3 18. Bxd3 cxd3 19. Ne5 Qd5 20. f3 c6 21.
Rfd1 a6 22. Nxd3 Qf5 23. Ne5 Nd5 24. Qc5+ Kg8 25. e4 Qf4 26. exd5 exd5 27. Qc1
Qh4 28. Qc3 Re8 29. Re1 Re6 30. Ng4 Be2 31. Qd2 h5 32. Rxe2 hxg4 33. Rxe6 fxe6
34. fxg4 Qxg4 35. Qe3 Qf5 36. Re1 Qc2 37. Qxe6+ Kh8 38. Qe8+ 1-0

[Event "X Open Autunno"]
[Site "Robecchetto con Induno ITA"]
[Date "2013.10.03"]
[Round "1"]
[White "Marchesotti, Giovanni"]
[Black "Moroni, Luca"]
[WhiteElo "1546"]
[BlackElo "1860"]
[Result "0-1"]
[PlyCount "68"]
[EventDate "2013.10.03"]

1. f4 c5 2. Nf3 d6 3. e3 Nf6 4. b3 g6 5. Bb2 Bg7 6. Be2 O-O 7. O-O Nc6 8. a3
Qc7 9. c4 Bd7 10. Qc2 Bf5 11. Bd3 Bxd3 12. Qxd3 a6 13. Qc2 b5 14. Nc3 bxc4 15.
bxc4 Rab8 16. Nd5 Rxb2 17. Nxc7 Rxc2 18. Nxa6 Rxc4 19. Nc7 Ra4 20. Nb5 Rfa8 21.
Rab1 h6 22. Rfc1 Nd8 23. h3 Ne6 24. g4 Nd5 25. f5 Ng5 26. Nxg5 hxg5 27. fxg6
fxg6 28. Rb3 Be5 29. Kg2 c4 30. Rbb1 c3 31. dxc3 Nxe3+ 32. Kh1 Kg7 33. Rb3 Nxg4
34. hxg4 Rxg4 0-1

[Event "X Open Autunno"]
[Site "Robecchetto con Induno ITA"]
[Date "2013.10.03"]
[Round "1"]
[White "Melino, Gianluca"]
[Black "Zanin, Fabio"]
[WhiteElo "1748"]
[BlackElo "1461"]
[Result "1-0"]
[PlyCount "85"]
[EventDate "2013.10.03"]

1. Nf3 d5 2. d4 Nf6 3. c4 c6 4. g3 dxc4 5. Bg2 Nbd7 6. O-O g6 7. Qc2 b5 8. a4
Bb7 9. Rd1 Bg7 10. b3 Nb6 11. axb5 cxb5 12. Na3 cxb3 13. Qxb3 a6 14. Ne5 Bd5
15. Bxd5 Qxd5 16. Qb4 O-O 17. Bb2 Na4 18. Rac1 Nxb2 19. Qxb2 Rfc8 20. f3 Qb7
21. e4 Nd7 22. Nxd7 Qxd7 23. e5 Qd5 24. Kg2 e6 25. Kf2 Bf8 26. Nc2 a5 27. Ne3
Qb7 28. Ng4 b4 29. Nf6+ Kh8 30. h4 a4 31. Qd2 b3 32. h5 b2 33. Rb1 a3 34. hxg6
fxg6 35. Rh1 Rc7 36. Kg2 Rac8 37. Qg5 Rc2+ 38. Kh3 a2 39. Rxb2 Rxb2 40. Kg4 Rc7
41. Qxg6 Rg7 42. Rxh7+ Rxh7 43. Qg8# 1-0

[Event "X Open Autunno"]
[Site "Robecchetto con Induno ITA"]
[Date "2013.10.03"]
[Round "1"]
[White "Novi', Giuseppe"]
[Black "Madaschi, Sergio"]
[WhiteElo "1827"]
[BlackElo "1522"]
[Result "1-0"]
[PlyCount "63"]
[EventDate "2013.10.03"]

1. d4 d5 2. c4 c6 3. Nf3 Nf6 4. h3 e6 5. Nc3 Nbd7 6. cxd5 exd5 7. Bg5 Be7 8. e3
Qa5 9. Bd3 Bb4 10. Qc2 O-O 11. O-O Re8 12. Rac1 Bxc3 13. bxc3 Ne4 14. Bf4 Ndf6
15. c4 Be6 16. c5 h6 17. Rb1 Rab8 18. Bxb8 Rxb8 19. Rfd1 Nc3 20. Ne5 Nxb1 21.
Rxb1 Qc7 22. a4 b6 23. cxb6 axb6 24. Qxc6 Qa7 25. Qd6 Ne8 26. Qb4 Qc7 27. a5 f6
28. axb6 Qb7 29. Ng6 Qf7 30. Ne7+ Kh8 31. Nc6 Nc7 32. Nxb8 1-0

[Event "X Open Autunno"]
[Site "Robecchetto con Induno ITA"]
[Date "2013.10.03"]
[Round "1"]
[White "Puricelli, Roberto"]
[Black "Griffini, Andrea"]
[WhiteElo "1489"]
[BlackElo "1799"]
[Result "0-1"]
[PlyCount "76"]
[EventDate "2013.10.03"]

1. e4 Nf6 2. Nc3 d5 3. e5 d4 4. exf6 dxc3 5. fxe7 cxd2+ 6. Bxd2 Qxe7+ 7. Qe2
Be6 8. Nf3 Nc6 9. Bc3 O-O-O 10. g3 Qc5 11. Bg2 Bc4 12. Qe3 Qxe3+ 13. fxe3 Bb4
14. Kf2 Bxc3 15. bxc3 f6 16. a4 Bd5 17. Nd4 Ne5 18. Bh3+ Kb8 19. Rhb1 Be4 20.
Ra2 c5 21. Ne2 Rd2 22. Rc1 Bd3 23. Bf1 Bxe2 24. Bxe2 Nd3+ 25. cxd3 Rxa2 26. d4
cxd4 27. cxd4 Rc8 28. Re1 Rxa4 29. Kf3 Rc3 30. Kf4 g5+ 31. Ke4 f5+ 32. Kxf5
Rxe3 33. Bb5 Rxe1 34. Bxa4 Rh1 35. Kxg5 Rxh2 36. d5 Kc7 37. g4 Kd6 38. Be8 Kxd5
0-1

[Event "X Open Autunno"]
[Site "Robecchetto con Induno ITA"]
[Date "2013.10.03"]
[Round "1"]
[White "Sartorio, Alessandro"]
[Black "Rosescu, Liviu"]
[WhiteElo "1381"]
[BlackElo "1713"]
[Result "0-1"]
[PlyCount "90"]
[EventDate "2013.10.03"]

1. e4 d6 2. Nf3 g6 3. Bc4 Bg7 4. O-O a6 5. Nc3 b5 6. Bb3 Bb7 7. d4 b4 8. Nd5 a5
9. Ng5 Nh6 10. Qd3 O-O 11. Nf4 Bc8 12. Nfe6 fxe6 13. Bxe6+ Kh8 14. Qc4 Ba6 15.
Qb3 Bxf1 16. Kxf1 Bxd4 17. Bd5 Qc8 18. Qc4 Qa6 19. Qxa6 Rxa6 20. Ne6 Bg7 21.
Nxf8 Bxf8 22. b3 Bg7 23. Rb1 Ng4 24. Bf4 Be5 25. Bg5 Nf6 26. Bc4 Ra7 27. Be3 c5
28. f4 Bc3 29. f5 Kg7 30. Ke2 Nxe4 31. Rf1 Bf6 32. fxg6 hxg6 33. Kd3 Nc3 34. g4
g5 35. h4 Kh6 36. hxg5+ Bxg5 37. Bxg5+ Kxg5 38. Be6 Nd7 39. Rf5+ Kg6 40. g5
Ne5+ 41. Ke3 Ra8 42. Kf4 Ne2+ 43. Ke3 Nd4 44. Rf1 Nxe6 45. Rg1 Nxg5 0-1

[Event "X Open Autunno"]
[Site "Robecchetto con Induno ITA"]
[Date "2013.10.03"]
[Round "1"]
[White "Serrao, Piergiorgio"]
[Black "Testa, Loris"]
[WhiteElo "1578"]
[BlackElo "1946"]
[Result "1/2-1/2"]
[PlyCount "114"]
[EventDate "2013.10.03"]

1. d4 d5 2. c4 c6 3. Nf3 e6 4. e3 Nf6 5. Nc3 Bd6 6. Bd3 O-O 7. O-O Nbd7 8. e4
dxe4 9. Nxe4 Nxe4 10. Bxe4 Nf6 11. Bc2 c5 12. Be3 Qc7 13. dxc5 Bxc5 14. Bxc5
Qxc5 15. Qd3 b6 16. b3 Bb7 17. Rae1 Rfd8 18. Qc3 Qh5 19. Re5 Qh6 20. Re2 Rd6
21. h3 Rad8 22. Rfe1 Qf4 23. Qe5 Qh6 24. Qg5 Qxg5 25. Nxg5 Rd2 26. f3 h6 27.
Ne4 Nxe4 28. Bxe4 Bxe4 29. fxe4 e5 30. Kf2 f6 31. Rxd2 Rxd2+ 32. Re2 Rd4 33.
Ke3 Kf7 34. Rc2 a5 35. a3 Ke6 36. c5 b5 37. Rd2 Rxd2 38. Kxd2 b4 39. axb4 axb4
40. g4 g6 41. Kd3 f5 42. gxf5+ gxf5 43. exf5+ Kxf5 44. Ke3 h5 45. c6 Ke6 46.
Ke4 Kd6 47. c7 Kxc7 48. Kxe5 h4 49. Kd5 Kd7 50. Kc5 Ke6 51. Kxb4 Ke5 52. Kc5
Kf4 53. b4 Kg3 54. b5 Kxh3 55. b6 Kg2 56. b7 h3 57. b8=Q h2 1/2-1/2